000
00338 a2200145 4500
001
156676
040
_c
Escola São Tomás de Aquino
100
_a
ESCOLA SANTO TOMÁS DE AQUINO
240
1
0
_a
Escritores da ESTA 2015
_l
por
245
1
0
_a
Escritores da ESTA 2015
300
_a
40
362
0
_a
2015
697
_a
Educação
942
_c
BK
999
_c
156676
_d
156676